000
00292nam a22001337a 4500
008
170508b xxu||||| |||| 00| 0 eng d
020
_a
9780131726215
041
_a
eng
080
_2
11TH
_a
34
100
_a
15
101
_a
SHJ
245
_a
CORRECTIONS IN AMERICA
_c
ALLEN
942
_2
udc
_c
BK
999
_c
12901
_d
12901